|
|
|
|
| LEADER |
01497nam a2200409 4500 |
| 001 |
on1112480651 |
| 003 |
OCoLC |
| 005 |
20200326101203.0 |
| 006 |
m o d |
| 007 |
cr cnu---unuuu |
| 008 |
190819s2019 xx o 000 0 eng d |
| 040 |
|
|
|a OPELS
|b eng
|e rda
|e pn
|c OPELS
|d OCLCF
|d UKAHL
|d GrThAP
|
| 019 |
|
|
|a 1124444557
|
| 020 |
|
|
|a 9780128170823
|q (print)
|
| 020 |
|
|
|a 9780128170830
|
| 020 |
|
|
|a 0128170832
|
| 035 |
|
|
|a (OCoLC)1112480651
|z (OCoLC)1124444557
|
| 050 |
|
4 |
|a QP249
|
| 082 |
0 |
4 |
|a 616.6107
|2 23
|
| 245 |
0 |
0 |
|a Methods in kidney cell biology.
|n Part A /
|c edited by Thomas Weimbs.
|
| 264 |
|
1 |
|a [Place of publication not identified] :
|b Academic Press,
|c 2019.
|
| 300 |
|
|
|a 1 online resource.
|
| 336 |
|
|
|a text
|b txt
|2 rdacontent
|
| 337 |
|
|
|a computer
|b c
|2 rdamedia
|
| 338 |
|
|
|a online resource
|b cr
|2 rdacarrier
|
| 490 |
1 |
|
|a Methods in cell biology ;
|v volume 153
|
| 588 |
0 |
|
|a Print version record.
|
| 650 |
|
0 |
|a Kidneys
|x Cytology.
|
| 650 |
|
0 |
|a Proteomics.
|
| 650 |
|
0 |
|a Glomerular filtration rate.
|
| 650 |
|
7 |
|a Glomerular filtration rate.
|2 fast
|0 (OCoLC)fst00943598
|
| 650 |
|
7 |
|a Proteomics.
|2 fast
|0 (OCoLC)fst01079785
|
| 655 |
|
4 |
|a Electronic books.
|
| 700 |
1 |
|
|a Weimbs, Thomas,
|e editor.
|
| 776 |
0 |
8 |
|i Print version:
|t Methods in kidney cell biology. Part A.
|z 9780128170823
|w (OCoLC)1112384165
|
| 830 |
|
0 |
|a Methods in cell biology ;
|v v. 153.
|
| 856 |
4 |
0 |
|3 ScienceDirect
|u https://www.sciencedirect.com/science/bookseries/0091679X/153
|z Full Text via HEAL-Link
|